セブン-イレブン 市区町村別店舗数TOP100 - Statistics

General Stats
  • This quiz has been taken 1,304 times
    1,302 since last reset
  • The average score is 81 of 101
Answer Stats
Hint 店舗数 Answer % Correct
神奈川県 340 横浜市
99%
愛知県 336 名古屋市
99%
大阪府 271 大阪市
99%
北海道 230 札幌市
98%
福岡県 193 福岡市
98%
広島県 179 広島市
98%
京都府 142 京都市
98%
埼玉県 149 さいたま市
97%
宮城県 134 仙台市
97%
千葉県 123 千葉市
97%
福岡県 118 北九州市
97%
兵庫県 116 神戸市
97%
新潟県 105 新潟市
97%
熊本県 104 熊本市
97%
神奈川県 179 川崎市
95%
岡山県 89 岡山市
95%
静岡県 83 静岡市
95%
栃木県 91 宇都宮市
94%
東京都 102 新宿区
93%
静岡県 96 浜松市
93%
東京都 96 港区
91%
東京都 62 八王子市
91%
福島県 53 福島市
91%
東京都 92 世田谷区
89%
長野県 61 長野市
89%
東京都 55 渋谷区
89%
神奈川県 82 相模原市
88%
東京都 77 千代田区
88%
福島県 71 郡山市
88%
群馬県 63 前橋市
88%
群馬県 63 高崎市
87%
東京都 75 江戸川区
86%
東京都 66 中央区
86%
北海道 64 旭川市
86%
北海道 44 函館市
86%
山口県 39 山口市
86%
東京都 36 北区
86%
愛知県 67 豊田市
85%
福島県 63 いわき市
85%
宮崎県 59 宮崎市
85%
千葉県 53 船橋市
85%
鹿児島県 53 鹿児島市
85%
茨城県 45 水戸市
85%
東京都 86 江東区
84%
東京都 80 大田区
84%
東京都 74 品川区
84%
埼玉県 65 川口市
84%
大阪府 58 堺市
84%
東京都 78 足立区
83%
兵庫県 56 姫路市
83%
岡山県 55 倉敷市
83%
愛知県 51 豊橋市
83%
山口県 47 下関市
83%
佐賀県 43 佐賀市
83%
東京都 62 練馬区
82%
大分県 40 大分市
82%
山形県 39 山形市
82%
東京都 46 豊島区
81%
沖縄県 33 那覇市
81%
東京都 48 葛飾区
80%
長野県 38 松本市
80%
東京都 33 目黒区
79%
東京都 53 台東区
78%
東京都 48 中野区
78%
千葉県 41 柏市
78%
東京都 37 文京区
78%
山梨県 36 甲府市
78%
埼玉県 36 川越市
77%
東京都 71 杉並区
76%
東京都 65 板橋区
76%
広島県 59 福山市
76%
茨城県 45 つくば市
76%
東京都 64 墨田区
75%
千葉県 48 松戸市
75%
新潟県 41 長岡市
75%
千葉県 36 市川市
74%
愛知県 34 岡崎市
74%
静岡県 54 富士市
73%
兵庫県 44 尼崎市
73%
神奈川県 39 横須賀市
72%
長崎県 33 佐世保市
72%
埼玉県 53 越谷市
69%
福岡県 40 久留米市
69%
神奈川県 38 藤沢市
69%
愛知県 39 一宮市
67%
大阪府 37 東大阪市
67%
北海道 36 釧路市
67%
兵庫県 37 西宮市
65%
静岡県 32 沼津市
65%
福島県 36 会津若松市
62%
埼玉県 33 春日部市
61%
新潟県 36 上越市
60%
千葉県 50 市原市
59%
群馬県 39 伊勢崎市
59%
北海道 32 帯広市
59%
群馬県 47 太田市
56%
広島県 36 東広島市
55%
長野県 34 上田市
52%
山口県 33 宇部市
49%
愛知県 37 春日井市
48%
埼玉県 35 草加市
44%
No matching quizzes found
Score Distribution
Percent of People with Each Score
Percentile by Number Answered
Your Score History
You have not taken this quiz since the last reset